<?xml version="1.0" encoding="UTF-8"?>
<record
    xmlns:xsi="http://www.w3.org/2001/XMLSchema-instance"
    xsi:schemaLocation="http://www.loc.gov/MARC21/slim http://www.loc.gov/standards/marcxml/schema/MARC21slim.xsd"
    xmlns="http://www.loc.gov/MARC21/slim">

  <leader>01186    a2200193   4500</leader>
  <controlfield tag="003">Nust</controlfield>
  <controlfield tag="005">20230206105648.0</controlfield>
  <datafield tag="020" ind1=" " ind2=" ">
    <subfield code="a">0195774620</subfield>
  </datafield>
  <datafield tag="040" ind1=" " ind2=" ">
    <subfield code="c">Nust</subfield>
  </datafield>
  <datafield tag="082" ind1=" " ind2=" ">
    <subfield code="a">954.9042,WOL</subfield>
  </datafield>
  <datafield tag="100" ind1=" " ind2=" ">
    <subfield code="a">Wolpert, Stanley</subfield>
    <subfield code="9">60518</subfield>
  </datafield>
  <datafield tag="245" ind1=" " ind2=" ">
    <subfield code="a">Jinnah of Pakistan /</subfield>
    <subfield code="c">Stanley Wolpert,</subfield>
  </datafield>
  <datafield tag="260" ind1=" " ind2=" ">
    <subfield code="a">Oxford University Press</subfield>
    <subfield code="b">Lahore</subfield>
    <subfield code="c">1998</subfield>
  </datafield>
  <datafield tag="300" ind1=" " ind2=" ">
    <subfield code="a">xii, 421 p</subfield>
    <subfield code="b">illus</subfield>
    <subfield code="c">19 cm</subfield>
    <subfield code="e">digars</subfield>
  </datafield>
  <datafield tag="505" ind1=" " ind2=" ">
    <subfield code="a">Karachi (Page-3), Bombay (1896-1910) (Page-16), Calcutta (1910-15) (Page-32), Lucknow to Bombay (1916-18) (Page-42), Amritsar to Nagpur (1919-21) (Page-61), Retreat to Bombay (1921-24) (Page-73), New Delhi (1924-28) (Page-80), Calcutta (1928) (Page-92), London (1930-33) (Page-119), Toward Lahore (1938-40) (Page-155), Lahore to Delhi (1940-43) (Page-184), Karachi and Bombay Revisited (1943-44) (Page-221), Simla (1944-45) (Page-237), Quetta and Peshawar (1945-46), (Page-247), Simla Revisted (1946) (Page-261), Bombay to Londo,n (1946) (Page-280), London Final Farewell (1946) (Page-297), New Delhi (1947) (Page-306), Karachi Pakistan Zindabad (1947) (Page-332) Ziarat (1948) (Page-355). </subfield>
  </datafield>
  <datafield tag="600" ind1=" " ind2=" ">
    <subfield code="a">Wolpert, Stanley</subfield>
    <subfield code="9">60518</subfield>
  </datafield>
  <datafield tag="650" ind1=" " ind2=" ">
    <subfield code="a">Quaid-i-Azam</subfield>
    <subfield code="9">108479</subfield>
  </datafield>
  <datafield tag="942" ind1=" " ind2=" ">
    <subfield code="2">ddc</subfield>
    <subfield code="c">BK</subfield>
  </datafield>
  <datafield tag="999" ind1=" " ind2=" ">
    <subfield code="c">187495</subfield>
    <subfield code="d">187495</subfield>
  </datafield>
  <datafield tag="952" ind1=" " ind2=" ">
    <subfield code="0">0</subfield>
    <subfield code="1">0</subfield>
    <subfield code="2">ddc</subfield>
    <subfield code="4">0</subfield>
    <subfield code="7">0</subfield>
    <subfield code="a">MCS</subfield>
    <subfield code="b">MCS</subfield>
    <subfield code="c">GEN</subfield>
    <subfield code="d">2016-12-12</subfield>
    <subfield code="j">5</subfield>
    <subfield code="o">954.9042,WOL</subfield>
    <subfield code="p">MCS27029</subfield>
    <subfield code="r">2016-12-08</subfield>
    <subfield code="w">2016-12-12</subfield>
    <subfield code="y">BK</subfield>
    <subfield code="z">Almirah No.62,  Shelf No.1</subfield>
  </datafield>
  <datafield tag="952" ind1=" " ind2=" ">
    <subfield code="0">0</subfield>
    <subfield code="1">0</subfield>
    <subfield code="2">ddc</subfield>
    <subfield code="4">0</subfield>
    <subfield code="7">0</subfield>
    <subfield code="a">MCS</subfield>
    <subfield code="b">MCS</subfield>
    <subfield code="c">GEN</subfield>
    <subfield code="d">2023-02-06</subfield>
    <subfield code="j">5</subfield>
    <subfield code="l">2</subfield>
    <subfield code="o">954.9042,WOL</subfield>
    <subfield code="p">MCS32878</subfield>
    <subfield code="r">2024-12-02</subfield>
    <subfield code="s">2024-11-15</subfield>
    <subfield code="w">2023-02-06</subfield>
    <subfield code="y">BK</subfield>
    <subfield code="z">Almirah No.62, Shelf No.1</subfield>
  </datafield>
</record>
